000 00770nam a2200229Ia 4500
001 9248
003 GE_BSU
008 181216s||||||||xx |||||||||||||| ||und||
040 _cGE_BSU
080 _a82-93
100 _aლორია,რევაზ
245 _aბავშვი დედამიწის ყვავილია
245 _bლექსები.
245 _cრედ:ავთანდილ ჩხაიძე
260 _aთბილისი.
260 _bგამ-ბა ”კიდევაც დაიზრდებიან”
260 _c1991
300 _a80გვ;17სმ.
653 _aბავშვი დედამიწის ყვავილია
653 _aლექსები.
942 _cBK
999 _c42550
_d42550